| 000 | 00567nam a2200193Ia 4500 | ||
|---|---|---|---|
| 999 |
_c14913 _d14913 |
||
| 003 | OSt | ||
| 005 | 20201020110509.0 | ||
| 008 | 190216s9999||||xx |||||||||||||| ||und|| | ||
| 020 | _a9780231149006 | ||
| 040 | _coclc | ||
| 082 |
_a891.5 _bPAW/W |
||
| 100 |
_aPawar, Urmila _92958 |
||
| 245 | 4 |
_aThe Weave Of My Life A Dalit Woman's Memoirs / _cUrmila Pawar |
|
| 250 | _a1st Ed. | ||
| 260 |
_bColumbia Uiniversity Press , _c2009. _aNew York: |
||
| 300 | _a283p | ||
| 650 | _aEnglish-Biogaphy | ||
| 942 |
_cBK _2ddc _h891.5 _iPAW/W _k891.5 _mPAW/W |
||